[Event "ODJM A 2017"]
[Site "Willingen GER"]
[Date "2017.06.09"]
[Round "8"]
[White "Weber, Daniel"]
[Black "Gorainow, Nikita"]
[Result "1-0"]
[Termination "normal"]
[Board "11"]
[WhiteElo "2058"]
[BlackElo "1812"]
[WhiteClock "00:04:32"]
[BlackClock "00:10:22"]
[PlyCount "57"]
[WhiteFideId "24615498"]
[BlackFideId "12970093"]
[EventCountry "GER"]
[EventRounds "9"]
[EventType "swiss"]
[EventDate "2017.06.03"]

1. d4 {[%clk 1:30:39]} 1... f5 {[%clk 1:30:53]} 2. c4 {[%clk 1:30:49]} 2... Nf6
{[%clk 1:31:01]} 3. g3 {[%clk 1:27:01]} 3... e6 {[%clk 1:31:24]} 4. Bg2 { [%clk
1:27:25]} 4... Bb4+ {[%clk 1:30:45]} 5. Bd2 {[%clk 1:18:55]} 5... Bxd2+ { [%clk
1:21:40]} 6. Nxd2 {[%clk 1:18:36]} 6... O-O {[%clk 1:20:46]} 7. Qc2 { [%clk
1:14:26]} 7... Nc6 {[%clk 1:16:49]} 8. e3 {[%clk 1:02:32]} 8... d6 { [%clk
1:12:04]} 9. Ne2 {[%clk 0:58:21]} 9... e5 {[%clk 1:10:29]} 10. Bxc6 { [%clk
0:56:28]} 10... bxc6 {[%clk 1:10:53]} 11. dxe5 {[%clk 0:56:54]} 11... dxe5
{[%clk 1:10:53]} 12. O-O-O {[%clk 0:54:43]} 12... Qe7 {[%clk 1:07:29]} 13. h3
{[%clk 0:51:23]} 13... Be6 {[%clk 0:59:15]} 14. f4 {[%clk 0:40:05]} 14... e4
{[%clk 0:57:28]} 15. Nd4 {[%clk 0:31:03]} 15... c5 {[%clk 0:53:05]} 16. Nxe6 {
[%clk 0:29:46]} 16... Qxe6 {[%clk 0:53:07]} 17. Nb3 {[%clk 0:28:24]} 17... a5 {
[%clk 0:47:49]} 18. Qc3 {[%clk 0:22:47]} 18... Nd7 {[%clk 0:37:27]} 19. Rd5 {
[%clk 0:15:24]} 19... Nb6 {[%clk 0:24:32]} 20. Rxc5 {[%clk 0:13:51]} 20... a4 {
[%clk 0:24:24]} 21. Nd4 {[%clk 0:13:24]} 21... Qg6 {[%clk 0:19:31]} 22. g4 {
[%clk 0:11:17]} 22... fxg4 {[%clk 0:17:46]} 23. hxg4 {[%clk 0:08:20]} 23...
Qxg4 {[%clk 0:16:59]} 24. Rg5 {[%clk 0:08:22]} 24... Qd7 {[%clk 0:16:59]} 25.
Rhg1 {[%clk 0:06:55]} 25... Rf7 {[%clk 0:16:02]} 26. Nf5 {[%clk 0:06:43]} 26...
Kf8 {[%clk 0:14:15]} 27. Nxg7 {[%clk 0:04:35]} 27... Rd8 {[%clk 0:14:13]} 28.
Qb4+ {[%clk 0:04:18]} 28... c5 {[%clk 0:10:22]} 29. Qxc5+ {[%clk 0:04:32]} 1-0

[Event "ODJM A 2017"]
[Site "Willingen GER"]
[Date "2017.06.09"]
[Round "8"]
[White "Diller, Daniel"]
[Black "Dechant, Georg"]
[Result "1-0"]
[Termination "normal"]
[Board "12"]
[WhiteElo "1976"]
[BlackElo "2031"]
[WhiteClock "00:18:54"]
[BlackClock "00:55:31"]
[PlyCount "111"]
[WhiteFideId "12908983"]
[BlackFideId "12956716"]
[EventCountry "GER"]
[EventRounds "9"]
[EventType "swiss"]
[EventDate "2017.06.03"]

1. e4 {[%clk 1:30:53]} 1... c5 {[%clk 1:30:55]} 2. Nf3 {[%clk 1:31:08]} 2...
Nc6 {[%clk 1:31:18]} 3. d4 {[%clk 1:31:33]} 3... cxd4 {[%clk 1:31:42]} 4. Nxd4
{[%clk 1:31:58]} 4... Qc7 {[%clk 1:32:05]} 5. Nc3 {[%clk 1:32:08]} 5... e6 {
[%clk 1:32:27]} 6. Be3 {[%clk 1:32:25]} 6... a6 {[%clk 1:32:50]} 7. Qd2 { [%clk
1:32:44]} 7... Nf6 {[%clk 1:33:11]} 8. O-O-O {[%clk 1:33:03]} 8... Bb4 { [%clk
1:33:29]} 9. f3 {[%clk 1:33:24]} 9... d5 {[%clk 1:32:22]} 10. Bg5 { [%clk
0:52:15]} 10... Ne5 {[%clk 0:59:05]} 11. Bxf6 {[%clk 0:40:41]} 11... Bxc3
{[%clk 0:58:59]} 12. bxc3 {[%clk 0:39:58]} 12... gxf6 {[%clk 0:59:20]} 13. exd5
{[%clk 0:40:01]} 13... exd5 {[%clk 0:59:24]} 14. f4 {[%clk 0:37:02]} 14... Ng6
{[%clk 0:59:09]} 15. Re1+ {[%clk 0:36:50]} 15... Kf8 {[%clk 0:59:32]} 16. g3 {
[%clk 0:34:08]} 16... Bd7 {[%clk 0:58:27]} 17. Bg2 {[%clk 0:30:58]} 17... Qc4 {
[%clk 0:57:09]} 18. Nb3 {[%clk 0:30:06]} 18... Bc6 {[%clk 0:56:17]} 19. Qd4 {
[%clk 0:28:12]} 19... Kg7 {[%clk 0:56:41]} 20. Bf1 {[%clk 0:24:50]} 20... Qa4 {
[%clk 0:56:10]} 21. Qxa4 {[%clk 0:24:23]} 21... Bxa4 {[%clk 0:56:16]} 22. Bg2 {
[%clk 0:24:23]} 22... Bc6 {[%clk 0:56:11]} 23. Nd4 {[%clk 0:24:24]} 23... Rhe8
{[%clk 0:56:02]} 24. Kd2 {[%clk 0:20:48]} 24... Nf8 {[%clk 0:52:51]} 25. Rxe8 {
[%clk 0:19:18]} 25... Rxe8 {[%clk 0:53:14]} 26. Rb1 {[%clk 0:17:34]} 26... Nd7
{[%clk 0:51:26]} 27. c4 {[%clk 0:16:32]} 27... dxc4 {[%clk 0:51:09]} 28. Nxc6 {
[%clk 0:16:29]} 28... bxc6 {[%clk 0:51:15]} 29. Rb4 {[%clk 0:15:48]} 29... Rd8
{[%clk 0:49:41]} 30. Kc3 {[%clk 0:15:42]} 30... c5 {[%clk 0:49:17]} 31. Ra4 {
[%clk 0:14:00]} 31... Nb8 {[%clk 0:49:03]} 32. Rxc4 {[%clk 0:14:18]} 32... Rc8
{[%clk 0:48:43]} 33. Ra4 {[%clk 0:11:22]} 33... Rc7 {[%clk 0:46:51]} 34. Bf1 {
[%clk 0:10:54]} 34... Rc6 {[%clk 0:46:30]} 35. Kc4 {[%clk 0:09:50]} 35... Rd6 {
[%clk 0:46:19]} 36. Bd3 {[%clk 0:09:01]} 36... Nd7 {[%clk 0:45:58]} 37. Kc3 {
[%clk 0:08:58]} 37... Nb6 {[%clk 0:42:59]} 38. Ra3 {[%clk 0:05:08]} 38... c4 {
[%clk 0:37:55]} 39. Be4 {[%clk 0:04:12]} 39... Re6 {[%clk 0:37:28]} 40. Kd4 {
[%clk 0:04:14]} 40... Nd7 {[%clk 0:32:43]} 41. Bf5 {[%clk 0:00:57]} 41... Rd6+
{[%clk 0:29:57]} 42. Kxc4 {[%clk 0:29:05]} 42... Rc6+ {[%clk 0:59:04]} 43. Kd4
{[%clk 0:28:16]} 43... Rd6+ {[%clk 0:59:05]} 44. Ke3 {[%clk 0:26:38]} 44... Nb6
{[%clk 0:58:54]} 45. Bd3 {[%clk 0:25:49]} 45... Nd5+ {[%clk 0:59:16]} 46. Kd2 {
[%clk 0:23:34]} 46... Nc7 {[%clk 0:59:23]} 47. Ra5 {[%clk 0:23:37]} 47... Nb5 {
[%clk 0:58:47]} 48. a4 {[%clk 0:23:15]} 48... Nc7 {[%clk 0:57:08]} 49. Rh5 {
[%clk 0:22:38]} 49... h6 {[%clk 0:57:33]} 50. Ra5 {[%clk 0:22:03]} 50... Rb6 {
[%clk 0:55:11]} 51. Rc5 {[%clk 0:20:27]} 51... Ne6 {[%clk 0:55:33]} 52. Rd5 {
[%clk 0:20:19]} 52... Nc7 {[%clk 0:55:21]} 53. Rd7 {[%clk 0:20:20]} 53... Ne6 {
[%clk 0:55:24]} 54. Bc4 {[%clk 0:19:16]} 54... Kg6 {[%clk 0:55:42]} 55. Ra7 {
[%clk 0:18:43]} 55... Rc6 {[%clk 0:55:31]} 56. Bd3+ {[%clk 0:18:54]} 1-0

[Event "ODJM A 2017"]
[Site "Willingen GER"]
[Date "2017.06.09"]
[Round "8"]
[White "Wanner, Lukas"]
[Black "Bold, Andre"]
[Result "1/2-1/2"]
[Termination "normal"]
[Board "13"]
[WhiteElo "2002"]
[BlackElo "1905"]
[PlyCount "76"]
[WhiteFideId "12918148"]
[BlackFideId "16208471"]
[EventCountry "GER"]
[EventRounds "9"]
[EventType "swiss"]
[EventDate "2017.06.03"]

1. e4 c5 2. Nf3 d6 3. Bb5+ Nd7 4. O-O a6 5. Bd3 e5 6. c3 Be7 7. a4 Ngf6 8. Bc2
O-O 9. d4 b6 10. Nbd2 Bb7 11. d5 b5 12. c4 Qc7 13. Qe2 bxa4 14. Nh4 g6 15. g3
Ne8 16. Ng2 Ng7 17. f4 f6 18. h4 exf4 19. Nxf4 Ne5 20. Nf3 Bc8 21. Nxe5 fxe5
22. Ng2 Rxf1+ 23. Qxf1 Bd7 24. Bd2 Rf8 25. Qd3 Qb7 26. Bc3 Bd8 27. Bxa4 Bh3 28.
Bc6 Qf7 29. Rf1 Qxf1+ 30. Qxf1 Rxf1+ 31. Kxf1 Nh5 32. Kf2 Nf6 33. Kf3 Bxg2+ 34.
Kxg2 Nxe4 35. Be1 a5 36. Bd7 Kg7 37. Kf3 Nf6 38. Be6 Bc7 1/2-1/2

[Event "ODJM A 2017"]
[Site "Willingen GER"]
[Date "2017.06.09"]
[Round "8"]
[White "Stemmler, Fabian"]
[Black "Grund, Sebastian"]
[Result "1/2-1/2"]
[Termination "normal"]
[Board "14"]
[WhiteElo "1982"]
[BlackElo "1840"]
[PlyCount "78"]
[WhiteFideId "12964808"]
[BlackFideId "12988626"]
[EventCountry "GER"]
[EventRounds "9"]
[EventType "swiss"]
[EventDate "2017.06.03"]

1. d4 Nf6 2. Bg5 d5 3. Nd2 c5 4. e3 cxd4 5. exd4 Nc6 6. Ngf3 h6 7. Be3 Bf5 8.
c3 e6 9. Qb3 Qc7 10. Bf4 Qc8 11. h3 Be7 12. Be2 O-O 13. O-O Rd8 14. Ne5 Nxe5
15. Bxe5 Nd7 16. Bh2 Bh7 17. Nf3 Nf6 18. Rac1 Bd6 19. Ne5 Ne4 20. Rfd1 f6 21.
Nf3 Bxh2+ 22. Nxh2 Qc7 23. Nf3 Qf7 24. a4 g5 25. c4 Rac8 26. cxd5 exd5 27. Qe3
Rxc1 28. Rxc1 a6 29. Qb3 Re8 30. Bf1 h5 31. Qb6 g4 32. Nh4 g3 33. fxg3 Nxg3 34.
Kh2 Qg7 35. Qd6 Ne4 36. Qxd5+ Kh8 37. Qxh5 Qg3+ 38. Kh1 Nf2+ 39. Kg1 Nxh3+
1/2-1/2

[Event "ODJM A 2017"]
[Site "Willingen GER"]
[Date "2017.06.09"]
[Round "8"]
[White "Bui, Hai Lam"]
[Black "Schimnatkowski, Lukas"]
[Result "1/2-1/2"]
[Termination "normal"]
[Board "15"]
[WhiteElo "1916"]
[BlackElo "2021"]
[PlyCount "74"]
[WhiteFideId "12975737"]
[BlackFideId "12936723"]
[EventCountry "GER"]
[EventRounds "9"]
[EventType "swiss"]
[EventDate "2017.06.03"]

1. b3 c5 2. Bb2 Nc6 3. e4 d6 4. Bb5 e5 5. Ne2 Nge7 6. O-O a6 7. Bxc6+ Nxc6 8.
d3 g6 9. Nd2 Bg7 10. f4 f5 11. exf5 gxf5 12. Ng3 O-O 13. Nh5 Nd4 14. Nf3 Bh8
15. Re1 Re8 16. Nxd4 cxd4 17. Qf3 Qh4 18. g3 Qg4 19. Qxg4+ fxg4 20. fxe5 dxe5
21. Nf4 Rd8 22. Ng2 Be6 23. c4 Bf5 24. Rad1 h5 25. Nh4 Bh7 26. Ba3 Rd7 27. Re2
Rf7 28. Rf2 Rd8 29. Ng2 Bg7 30. Kf1 Rdd7 31. Bc1 Kf8 32. Ke2 Rxf2+ 33. Kxf2
Rf7+ 34. Ke2 Ke7 35. Bg5+ Ke6 36. Rg1 Bf8 37. Bd2 Be7 1/2-1/2

[Event "ODJM A 2017"]
[Site "Willingen GER"]
[Date "2017.06.09"]
[Round "8"]
[White "Wiesner, Alexander"]
[Black "Englert, Jon"]
[Result "0-1"]
[Termination "normal"]
[Board "16"]
[WhiteElo "1917"]
[BlackElo "1929"]
[PlyCount "103"]
[WhiteFideId "12943991"]
[BlackFideId "12992275"]
[EventCountry "GER"]
[EventRounds "9"]
[EventType "swiss"]
[EventDate "2017.06.03"]

1. d4 d5 2. c4 e6 3. Nc3 f5 4. Bf4 Bd6 5. e3 c6 6. Nh3 Nf6 7. Bd3 O-O 8. Qc2
Ne4 9. f3 Qh4+ 10. Kf1 g5 11. Bxd6 Nxd6 12. c5 Nf7 13. Qf2 Qh6 14. f4 g4 15.
Ng1 b6 16. b4 a5 17. Na4 axb4 18. Nxb6 Ra3 19. Nxc8 Rxc8 20. Bc2 Nd7 21. Ne2
Rca8 22. Nc1 Qg7 23. Qd2 Nxc5 24. Qxb4 Ne4 25. Bxe4 fxe4 26. Qb7 Nd8 27. Qxg7+
Kxg7 28. Kf2 Rc3 29. Re1 Raa3 30. Rb1 h5 31. g3 Rc2+ 32. Re2 Rac3 33. Rxc2
Rxc2+ 34. Kg1 Rc3 35. Kf2 Kf7 36. a4 Ra3 37. Rb4 Ke7 38. Nb3 Kd6 39. a5 Kc7 40.
Ke2 Nb7 41. Kf2 Ra2+ 42. Ke1 Nxa5 43. Nc5 Rxh2 44. Nxe6+ Kd6 45. Nc5 h4 46.
gxh4 g3 47. Ra4 Rh1+ 48. Kd2 g2 49. Rxa5 g1=Q 50. Ra7 Rh2+ 51. Kc3 Qxe3+ 52.
Kb4 0-1

[Event "ODJM A 2017"]
[Site "Willingen GER"]
[Date "2017.06.09"]
[Round "8"]
[White "Tresch, Lukas"]
[Black "Zell, Mirjam"]
[Result "1-0"]
[Termination "normal"]
[Board "17"]
[WhiteElo "2043"]
[BlackElo "1669"]
[PlyCount "55"]
[WhiteFideId "12938866"]
[BlackFideId "16208544"]
[EventCountry "GER"]
[EventRounds "9"]
[EventType "swiss"]
[EventDate "2017.06.03"]

1. e4 e5 2. Nf3 Nc6 3. Bc4 Bc5 4. c3 Nf6 5. d3 O-O 6. O-O d6 7. Bb3 a6 8. Nbd2
Ba7 9. h3 Ne7 10. Re1 Ng6 11. Nf1 Re8 12. Ng3 b5 13. Ng5 Rf8 14. Nf5 Nf4 15. d4
N6h5 16. Qg4 Nf6 17. Qg3 Ng6 18. dxe5 dxe5 19. Rd1 Qe8 20. Qf3 c5 21. Nd6 Qc6
22. Bxf7+ Kh8 23. Bxg6 hxg6 24. Ngf7+ Kg8 25. Nxe5 Qc7 26. Nxg6 Rd8 27. e5 Nh7
28. Qd5+ 1-0

[Event "ODJM A 2017"]
[Site "Willingen GER"]
[Date "2017.06.09"]
[Round "8"]
[White "Ostra, Noah"]
[Black "Fistoul, Boris"]
[Result "1/2-1/2"]
[Termination "normal"]
[Board "18"]
[WhiteElo "1647"]
[BlackElo "1902"]
[PlyCount "45"]
[WhiteFideId "16228979"]
[BlackFideId "12953962"]
[EventCountry "GER"]
[EventRounds "9"]
[EventType "swiss"]
[EventDate "2017.06.03"]

1. g3 d5 2. Nf3 e6 3. Bg2 f5 4. O-O Nf6 5. d4 Bd6 6. c4 c6 7. Nbd2 O-O 8. Ne1
f4 9. Nd3 fxg3 10. fxg3 Ng4 11. Nf3 Bd7 12. c5 Bc7 13. Qe1 Nf6 14. Nfe5 Be8 15.
Bf4 Nbd7 16. Qb4 Qc8 17. Rf2 Nxe5 18. Nxe5 Nd7 19. Nxd7 Bxd7 20. Raf1 Bxf4 21.
Rxf4 Rxf4 22. Rxf4 Qc7 23. e4 1/2-1/2

[Event "ODJM A 2017"]
[Site "Willingen GER"]
[Date "2017.06.09"]
[Round "8"]
[White "Reitz, Philipp"]
[Black "Meyer, Henrik"]
[Result "1/2-1/2"]
[Termination "normal"]
[Board "19"]
[WhiteElo "1954"]
[BlackElo "2125"]
[PlyCount "63"]
[WhiteFideId "12973297"]
[BlackFideId "12958182"]
[EventCountry "GER"]
[EventRounds "9"]
[EventType "swiss"]
[EventDate "2017.06.03"]

1. e4 e6 2. d4 b6 3. c4 Bb7 4. Nc3 Bb4 5. f3 Bxc3+ 6. bxc3 Nc6 7. d5 Na5 8. Qd4
Qf6 9. e5 Qg6 10. Nh3 c5 11. Qd1 Qf5 12. Bf4 Qh5 13. Bg5 f6 14. exf6 gxf6 15.
Be3 Nxc4 16. dxe6 O-O-O 17. Bf4 Ne5 18. Qd6 dxe6 19. Qxe6+ Kb8 20. Bb5 Bd5 21.
O-O-O Bxe6 22. Rxd8+ Kc7 23. Rhd1 Kb7 24. Ng5 Bc8 25. Rxc8 Kxc8 26. Ba6+ Kb8
27. Rd8+ Kc7 28. Ne6+ Kc6 29. a4 Qf5 30. Bb5+ Kb7 31. Bxe5 Qxe5 32. Rd7+
1/2-1/2

[Event "ODJM A 2017"]
[Site "Willingen GER"]
[Date "2017.06.09"]
[Round "8"]
[White "Irkilmez, Yakub"]
[Black "Greßmann, Moritz"]
[Result "0-1"]
[Termination "normal"]
[Board "21"]
[WhiteElo "1921"]
[BlackElo "2100"]
[PlyCount "112"]
[WhiteFideId "16204581"]
[BlackFideId "24695084"]
[EventCountry "GER"]
[EventRounds "9"]
[EventType "swiss"]
[EventDate "2017.06.03"]

1. d4 d5 2. Bf4 Nf6 3. e3 c5 4. c3 Nc6 5. Nf3 Qb6 6. Qb3 c4 7. Qxb6 axb6 8.
Nbd2 b5 9. Be2 e6 10. O-O b4 11. Ne5 Nxe5 12. dxe5 Nd7 13. e4 bxc3 14. bxc3 Nc5
15. Bf3 Nd3 16. Bg3 Ra5 17. exd5 exd5 18. Be2 Bf5 19. Rfb1 Nc5 20. Rb6 Na4 21.
Rxb7 Nxc3 22. Bf3 Be6 23. a3 g5 24. Rb8+ Kd7 25. Nb1 Na4 26. Bd1 Bg7 27. Rb7+
Kc6 28. Rb4 Rha8 29. Nd2 Bf8 30. Nf3 Bxb4 31. axb4 R5a7 32. Nd4+ Kd7 33. Nb5
Ra6 34. Rb1 Nb6 35. Bc2 Ra1 36. Rf1 Rxf1+ 37. Kxf1 Ra1+ 38. Ke2 Ra2 39. Kd1 Rb2
40. Bxh7 Rxb4 41. Nd4 c3 42. Nc2 Ra4 43. Bd3 Nc4 44. Kc1 Kc6 45. f3 Nb2 46. Be2
d4 47. Be1 d3 48. Bxc3 dxe2 49. Kxb2 Kc5 50. g3 Kc4 51. Be1 Kd3 52. Nb4+ Ke3
53. f4 gxf4 54. gxf4 Kxf4 55. Nd3+ Ke3 56. Nc1 Re4 0-1

[Event "ODJM A 2017"]
[Site "Willingen GER"]
[Date "2017.06.09"]
[Round "8"]
[White "Wensing, Maximilian"]
[Black "Dette, Jan"]
[Result "1/2-1/2"]
[Termination "normal"]
[Board "22"]
[WhiteElo "1922"]
[BlackElo "2032"]
[PlyCount "43"]
[WhiteFideId "16222415"]
[BlackFideId "12936677"]
[EventCountry "GER"]
[EventRounds "9"]
[EventType "swiss"]
[EventDate "2017.06.03"]

1. e4 e5 2. Nf3 Nc6 3. Bc4 Nf6 4. d4 exd4 5. e5 d5 6. Bb5 Ne4 7. Nxd4 Bd7 8.
Bxc6 bxc6 9. O-O Bc5 10. Be3 Qe7 11. f3 Nd6 12. Bf2 Nf5 13. f4 Nxd4 14. Bxd4
O-O 15. c3 Bb6 16. Nd2 c5 17. Bf2 Rad8 18. Qh5 Qe6 19. Bh4 f6 20. Rae1 Qf5 21.
Qxf5 Bxf5 22. exf6 1/2-1/2

[Event "ODJM A 2017"]
[Site "Willingen GER"]
[Date "2017.06.09"]
[Round "8"]
[White "Hofmann, Marko"]
[Black "Orshonova, Elena"]
[Result "0-1"]
[Termination "normal"]
[Board "23"]
[BlackTitle "WFM"]
[WhiteElo "1837"]
[BlackElo "2019"]
[PlyCount "62"]
[WhiteFideId "12935875"]
[BlackFideId "24174750"]
[EventCountry "GER"]
[EventRounds "9"]
[EventType "swiss"]
[EventDate "2017.06.03"]

1. d4 d5 2. e4 e6 3. exd5 exd5 4. Bd3 Bd6 5. Ne2 Ne7 6. Bf4 O-O 7. Nbc3 c6 8.
Qd2 Ng6 9. Bxd6 Qxd6 10. h4 Re8 11. O-O-O Nd7 12. h5 Ngf8 13. g4 Nb6 14. g5 Nc4
15. Bxc4 dxc4 16. Rh4 b5 17. Rg1 Bf5 18. Ng3 Qd7 19. Rf4 Bh3 20. Nge4 b4 21.
Ne2 Qd5 22. f3 Bf5 23. N2g3 c3 24. bxc3 Qxa2 25. Kd1 bxc3 26. Qc1 Bxe4 27. Nxe4
Ne6 28. Rxf7 Kxf7 29. g6+ hxg6 30. Rxg6 Rad8 31. Rxe6 Rxd4+ 0-1

[Event "ODJM A 2017"]
[Site "Willingen GER"]
[Date "2017.06.09"]
[Round "8"]
[White "Petersen, Finn Christopher"]
[Black "Lüßmann, Thomas"]
[Result "0-1"]
[Termination "normal"]
[Board "24"]
[WhiteElo "1720"]
[BlackElo "1952"]
[PlyCount "64"]
[WhiteFideId "12964840"]
[BlackFideId "1270602"]
[EventCountry "GER"]
[EventRounds "9"]
[EventType "swiss"]
[EventDate "2017.06.03"]

1. e4 e6 2. d4 d5 3. e5 c5 4. c3 Nc6 5. Nf3 f6 6. Bd3 Qc7 7. Bf4 Bd7 8. Bc2
cxd4 9. cxd4 Nb4 10. Nc3 Nxc2+ 11. Qxc2 Rc8 12. O-O f5 13. Rac1 Bb4 14. Qd3 Qc4
15. Rfd1 Qxd3 16. Rxd3 Ne7 17. a3 Ba5 18. b4 Bd8 19. Na2 h6 20. Rdc3 g5 21. Bd2
Kf7 22. Rxc8 Nxc8 23. Ne1 Nb6 24. Rc3 Nc4 25. Bc1 Bb6 26. Rd3 Rc8 27. Nc3 Kg7
28. Nc2 Be8 29. Rg3 f4 30. Bxf4 Bg6 31. Bxg5 hxg5 32. Rxg5 Kh6 0-1

[Event "ODJM A 2017"]
[Site "Willingen GER"]
[Date "2017.06.09"]
[Round "8"]
[White "Longo, Claudio"]
[Black "Herbrig, Marie-Helén"]
[Result "1-0"]
[Termination "normal"]
[Board "25"]
[WhiteElo "1979"]
[BlackElo "1884"]
[PlyCount "169"]
[WhiteFideId "12994766"]
[BlackFideId "12900427"]
[EventCountry "GER"]
[EventRounds "9"]
[EventType "swiss"]
[EventDate "2017.06.03"]

1. d4 Nf6 2. Nf3 e6 3. e3 b6 4. Nbd2 Bb7 5. b3 c5 6. Bb2 Nc6 7. Bd3 Be7 8. O-O
O-O 9. a3 Qc7 10. Qe2 a6 11. Rfd1 d6 12. Nf1 Rfd8 13. Ng3 b5 14. e4 Qb6 15. d5
Nd4 16. Nxd4 cxd4 17. dxe6 fxe6 18. e5 dxe5 19. Qxe5 Rd5 20. Qe2 Kh8 21. b4 Re8
22. Kh1 Qd6 23. f3 Nh5 24. Ne4 Qc7 25. Qf2 Red8 26. Bc1 Rf8 27. Bd2 Nf4 28. Qg3
Rh5 29. h3 Bh4 30. Qh2 Bxe4 31. Bxe4 Rg5 32. Bxf4 Rxf4 33. Rxd4 Bg3 34. Rad1
Rf8 35. Qg1 Rh5 36. Rd7 Qc8 37. Qb6 Bh4 38. Qxe6 Rh6 39. Qg4 Bf6 40. R1d6 Qc3
41. Rd1 Qxa3 42. Rf7 Qxb4 43. Bb7 Qc5 44. Qf5 Qa3 45. Qd3 Qc5 46. Qe3 Qb4 47.
Rdd7 a5 48. Bd5 Rh5 49. f4 Rh4 50. Rxf6 Rxf6 51. Qg3 Rxh3+ 52. Qxh3 Qxf4 53.
Rd8+ Rf8 54. Rxf8+ Qxf8 55. Qf3 Qb4 56. Qe3 Qh4+ 57. Kg1 Qh5 58. Qe6 Qd1+ 59.
Kh2 Qh5+ 60. Kg3 Qg5+ 61. Kf3 Qd8 62. g3 b4 63. Bb3 Qd1+ 64. Kg2 Qd8 65. Ba4
Qd2+ 66. Kh3 Qd8 67. Kg4 Qd1+ 68. Kf4 Qd4+ 69. Kf3 Qd1+ 70. Ke4 Qd8 71. Qe8+
Qxe8+ 72. Bxe8 g6 73. Kd4 Kg7 74. Kc4 Kf6 75. Kb5 Kg5 76. Bd7 h5 77. Kxa5 b3
78. cxb3 Kf6 79. Be8 Kg5 80. b4 Kf6 81. b5 Ke7 82. Bxg6 h4 83. gxh4 Kd6 84. Ka6
Kc7 85. Ka7 1-0

[Event "ODJM A 2017"]
[Site "Willingen GER"]
[Date "2017.06.09"]
[Round "8"]
[White "Greßmann, Hanna"]
[Black "Mantel, Ruben"]
[Result "1/2-1/2"]
[Termination "normal"]
[Board "26"]
[WhiteElo "1840"]
[BlackElo "1961"]
[PlyCount "43"]
[WhiteFideId "12930709"]
[BlackFideId "12930121"]
[EventCountry "GER"]
[EventRounds "9"]
[EventType "swiss"]
[EventDate "2017.06.03"]

1. d4 d5 2. Nf3 e6 3. e3 f5 4. Nbd2 Nf6 5. c4 c6 6. Be2 Bd6 7. Ne5 Nbd7 8. Ndf3
Ne4 9. a3 O-O 10. O-O Qf6 11. Nxd7 Bxd7 12. Ne1 Kh8 13. f4 Be8 14. c5 Bc7 15.
Nd3 Rg8 16. Bf3 g5 17. Bxe4 dxe4 18. Ne5 gxf4 19. exf4 Bxe5 20. fxe5 Qg7 21.
Rf2 h6 22. Be3 1/2-1/2

[Event "ODJM A 2017"]
[Site "Willingen GER"]
[Date "2017.06.09"]
[Round "8"]
[White "Joeres, Stefan"]
[Black "Helmer, Jan"]
[Result "1/2-1/2"]
[Termination "normal"]
[Board "27"]
[WhiteElo "1995"]
[BlackElo "1849"]
[PlyCount "120"]
[WhiteFideId "12983160"]
[BlackFideId "12956686"]
[EventCountry "GER"]
[EventRounds "9"]
[EventType "swiss"]
[EventDate "2017.06.03"]

1. e4 e6 2. d4 d5 3. exd5 exd5 4. Bd3 Nc6 5. c3 Bd6 6. h3 Nge7 7. Nf3 Be6 8.
Be3 Qd7 9. Nbd2 f6 10. Qc2 O-O-O 11. O-O-O Bf5 12. Nb3 Bxd3 13. Qxd3 Qf5 14.
Kc2 Qxd3+ 15. Kxd3 b6 16. a4 a5 17. Rhe1 Ng6 18. g3 Rhe8 19. Bd2 Kd7 20. Na1
Rxe1 21. Rxe1 Re8 22. Rxe8 Kxe8 23. Nc2 Nce7 24. b4 c6 25. bxa5 bxa5 26. c4 Bc7
27. Na1 dxc4+ 28. Kxc4 Nd5 29. Ne1 Nf8 30. Nd3 Ne6 31. Nc2 g5 32. Nc5 Nb6+ 33.
Kb3 Nxc5+ 34. dxc5 Nd5 35. Nd4 Kd7 36. Kc4 h5 37. Kd3 Nb4+ 38. Bxb4 axb4 39. g4
hxg4 40. hxg4 Be5 41. Nb3 Bc3 42. Ke4 Kc7 43. Kf5 Kd7 44. f3 Ke7 45. Na5 Kd7
46. Ke4 Kc7 47. Kd3 Kd7 48. Kc4 Kc7 49. Kb3 Kd7 50. Nc4 Kc7 51. Nd6 Kb8 52. Nf7
Kc7 53. a5 Kb7 54. Nd8+ Ka6 55. Ka4 Be1 56. Nxc6 b3 57. Kxb3 Kb5 58. Nb8 Bxa5
59. c6 Bd8 60. Kc3 Bc7 1/2-1/2

[Event "ODJM A 2017"]
[Site "Willingen GER"]
[Date "2017.06.09"]
[Round "8"]
[White "Wieber, Dominik"]
[Black "Hinrichs, Niklas"]
[Result "0-1"]
[Termination "normal"]
[Board "28"]
[WhiteElo "1818"]
[BlackElo "1930"]
[PlyCount "60"]
[WhiteFideId "24699012"]
[BlackFideId "12942499"]
[EventCountry "GER"]
[EventRounds "9"]
[EventType "swiss"]
[EventDate "2017.06.03"]

1. e4 c5 2. b3 d6 3. Bb2 e6 4. g3 Nf6 5. Bg2 Be7 6. Ne2 Nc6 7. O-O O-O 8. d4
cxd4 9. Nxd4 Qb6 10. Nxc6 bxc6 11. Nd2 d5 12. c4 Ba6 13. Rc1 Rad8 14. Qf3 Rd7
15. Rfd1 Rfd8 16. h3 dxe4 17. Nxe4 Nxe4 18. Rxd7 Rxd7 19. Qxe4 Rd2 20. c5 Bxc5
21. Qe5 Bxf2+ 22. Kh2 Bxg3+ 23. Qxg3 Rxb2 24. Qd6 h6 25. Kh1 c5 26. Qe7 Qb8 27.
Qxc5 Bb7 28. Rg1 Bxg2+ 29. Rxg2 Qb7 30. Qg1 Rxa2 0-1

[Event "ODJM A 2017"]
[Site "Willingen GER"]
[Date "2017.06.09"]
[Round "8"]
[White "Rudolph, Eva"]
[Black "Kornitzky, Tino"]
[Result "1-0"]
[Termination "normal"]
[Board "29"]
[WhiteElo "1679"]
[BlackElo "1996"]
[PlyCount "81"]
[WhiteFideId "16200594"]
[BlackFideId "12970379"]
[EventCountry "GER"]
[EventRounds "9"]
[EventType "swiss"]
[EventDate "2017.06.03"]

1. e4 c5 2. Nf3 d6 3. d4 cxd4 4. Nxd4 Nf6 5. Nc3 g6 6. Be2 Bg7 7. Be3 O-O 8.
O-O Nc6 9. Qd2 Ng4 10. Bxg4 Bxg4 11. Nd5 Bd7 12. Rad1 Rc8 13. c3 e6 14. Nb4
Nxb4 15. cxb4 d5 16. exd5 exd5 17. Bh6 Bxh6 18. Qxh6 Rc4 19. Nf3 Qf6 20. Rxd5
Bc6 21. Rd6 Qxb2 22. Rd4 Bxf3 23. Rxc4 Be2 24. Rh4 Qh8 25. Rc1 Re8 26. h3 Bb5
27. Rc7 Bc6 28. Rf4 Qa1+ 29. Kh2 Qf1 30. Qg5 h6 31. Qg3 Re1 32. Rc8+ Be8 33.
Qf3 Qg1+ 34. Kg3 Re5 35. Rxe8+ Rxe8 36. Rxf7 Qa1 37. Rxb7 Qe5+ 38. Qf4 Qd5 39.
Rc7 Re4 40. Rc8+ Kh7 41. Qc7+ 1-0

[Event "ODJM A 2017"]
[Site "Willingen GER"]
[Date "2017.06.09"]
[Round "8"]
[White "Munkhjargal, Narmandakh"]
[Black "Garbuz, Vitaliy"]
[Result "0-1"]
[Termination "normal"]
[Board "30"]
[WhiteElo "1957"]
[BlackElo "1841"]
[PlyCount "74"]
[WhiteFideId "4903382"]
[BlackFideId "12990710"]
[EventCountry "GER"]
[EventRounds "9"]
[EventType "swiss"]
[EventDate "2017.06.03"]

1. d4 Nf6 2. c4 e5 3. dxe5 Ng4 4. Nf3 Bc5 5. e3 Nc6 6. Be2 Ngxe5 7. Nxe5 Nxe5
8. O-O O-O 9. a3 a5 10. Bd2 Re8 11. Nc3 d6 12. Qc2 Be6 13. Nd5 a4 14. Rad1 Qd7
15. Bb4 Bxb4 16. axb4 a3 17. c5 a2 18. Nc3 Nc6 19. Bb5 Nxb4 20. Qe4 Nc6 21. Qf4
Bb3 22. Rc1 dxc5 23. Ne4 Qd5 24. Nxc5 a1=Q 25. Rxa1 Qxc5 26. Bxc6 Qxc6 27. Rac1
Qd6 28. Rxc7 Qxf4 29. exf4 Bd5 30. Rd1 Bc6 31. b4 Rac8 32. Rxc8 Rxc8 33. h4 f6
34. g4 Rc7 35. g5 Rd7 36. Re1 Rd4 37. gxf6 gxf6 0-1